| 000 | 00692nam a22002177a 4500 | ||
|---|---|---|---|
| 999 |
_c179135 _d179135 |
||
| 005 | 20210524145813.0 | ||
| 010 | _aB-739929 | ||
| 020 |
_a9780195648225 _c965.00 |
||
| 035 | _aB-739929 | ||
| 037 | _bGift | ||
| 082 | _a305.56 | ||
| 100 | _aK.S. Singh | ||
| 245 |
_aThe scheduled castes / _cby K.S. Singh |
||
| 250 | _arev. ed. | ||
| 260 |
_aNew Delhi _bOxford University Press _c2012 |
||
| 270 |
_aYMCA Library Building, 1 Jai Singh Road _bNew Delhi _e110001 |
||
| 300 |
_axv, 1375p. _c22cm(pbk) |
||
| 490 |
_aPeople of India National Series _vII |
||
| 942 |
_2ddc _cEN _h305.56 _mSIN |
||